000 00607nam a22002177a 4500
003 UA-OsUOA
001 38662
007 ta
008 20060518b un ||||| |||| 00| 0 ukr d
100 _aЦимбалюк Євген
090 _a32
_bЦ11
942 _cSA
040 _aUA-OsUOA
_bukr
_cUA-OsUOA
_dUA-OsUOA
245 _aГоловний прогноз Володимира Лиса - немає поганої погоди
300 _a6 с.
955 _a0
041 _aukr
080 _a32
773 0 _w38660
_tВільне слово
_dРівне
_d2006
_g40
650 7 _a32 Політика
_2UDC
999 _c324811
_d324811